Statistics for U.S. States with a Population over Ten Million

Click here to take the quiz!

General Stats

  • This quiz has been taken 36 times
  • The average score is 8 of 9

Answer Stats

HintAnswer% Correct
39,613,493California
100%
19,299,981New York
100%
29,730,311Texas
100%
21,944,577Florida
97%
12,569,321Illinois
94%
11,714,618Ohio
91%
12,804,123Pennsylvania
82%
10,830,007Georgia
79%
10,701,002North Carolina
76%

Score Distribution

Percentile by Number Answered

Percent of People with Each Score

Your Score History

You have not taken this quiz